[Event "RD-2019-0-00158"]
[Site "LSS email"]
[Date "2019.11.22"]
[Round "?"]
[White "Chapman, Mark"]
[Black "Hurd, David"]
[Result "1-0"]
[WhiteElo "1840"]
[BlackElo "1623"]
[PlyCount "97"]
[EventDate "2019.06.23"]
[EventType "tourn (corr)"]
[EventRounds "6"]
[EventCountry "GER"]
[SourceTitle "Corr 2022"]
[Source "ChessBase"]
[SourceDate "2021.10.24"]
[SourceVersion "1"]
[SourceVersionDate "2021.10.24"]
[SourceQuality "1"]

1. e4 c5 2. Nf3 d6 3. d4 cxd4 4. Nxd4 Nf6 5. Nc3 g6 6. Be3 Bg7 7. f3 0-0 8. Qd2 Nc6 9. Bc4 Bd7 10. h4 Rc8 11. Bb3 h5 12. 0-0-0 Ne5 13. Kb1 Nc4 14. Bxc4 Rxc4 15. Nb3 Qb8 16. Bh6 Rfc8 17. Bxg7 Kxg7 18. g4 hxg4 19. h5 gxf3 20. Nd5 Rxe4 21. hxg6 fxg6 22. Qh6+ Kf7 23. Nxf6 Kxf6 24. Rdg1 Bf5 25. Rh5 Rg8 26. Rxf5+ Kxf5 27. Qh3+ Ke5 28. Qxf3 g5 29. Qf7 e6 30. Nd2 Rf4 31. Re1+ Kd5 32. Qxe6+ Kc6 33. Re3 a5 34. a3 Rh8 35. Nc4 b5 36. Ne5+ Kb7 37. Qd7+ Ka8 38. Nc6 Rf1+ 39. Ka2 Qg8+ 40. b3 Rf7 41. Qxd6 Qc8 42. a4 Qf5 43. Nd4 Qd7 44. Qa6+ Qa7 45. Qxb5 Rd7 46. Re6 Rb7 47. Qe5 Rc8 48. Nb5 Qc5 49. Ra6+ 1-0

[Event "SD-2019-0-00300"]
[Site "LSS email"]
[Date "2019.04.09"]
[Round "?"]
[White "Alonso Higelmo, Maria Isabel"]
[Black "Hurd, David"]
[Result "0-1"]
[WhiteElo "1579"]
[BlackElo "1648"]
[PlyCount "54"]
[EventDate "2018.11.26"]
[EventType "tourn (corr)"]
[EventRounds "6"]
[EventCountry "GER"]
[SourceTitle "Corr 2022"]
[Source "ChessBase"]
[SourceDate "2021.10.24"]
[SourceVersion "1"]
[SourceVersionDate "2021.10.24"]
[SourceQuality "1"]

1. e4 c5 2. Nf3 d6 3. c3 g6 4. d4 cxd4 5. Qxd4 f6 6. Bc4 Nc6 7. Qd3 Bd7 8. Be3 Qc7 9. 0-0 Bh6 10. Bb3 Bxe3 11. Qxe3 h5 12. Nh4 g5 13. Ng6 Rh6 14. Qe2 0-0-0 15. Bf7 Kb8 16. f4 Rh7 17. Bb3 e5 18. fxg5 Rg7 19. Qxh5 Be8 20. Bxg8 Bxg6 21. Qf3 Rdxg8 22. gxf6 Rh7 23. Nd2 Nd8 24. Qe2 Ne6 25. Nc4 Qc5+ 26. Rf2 Nf4 27. Qf1 Nh3+ 0-1

[Event "SD-2019-0-00300"]
[Site "LSS email"]
[Date "2019.04.09"]
[Round "?"]
[White "Hurd, David"]
[Black "Voudouris, Nick"]
[Result "0-1"]
[WhiteElo "1648"]
[BlackElo "1574"]
[PlyCount "44"]
[EventDate "2018.11.26"]
[EventType "tourn (corr)"]
[EventRounds "6"]
[EventCountry "GER"]
[SourceTitle "Corr 2022"]
[Source "ChessBase"]
[SourceDate "2021.10.24"]
[SourceVersion "1"]
[SourceVersionDate "2021.10.24"]
[SourceQuality "1"]

1. e4 c5 2. Nf3 d6 3. d4 cxd4 4. Nxd4 Nf6 5. Nc3 a6 6. f4 Qc7 7. Bd3 g6 8. Nf3 Bg7 9. 0-0 Nbd7 10. Qe1 b5 11. e5 dxe5 12. fxe5 Ng4 13. e6 fxe6 14. Qh4 Ndf6 15. Ne4 Bb7 16. Nxf6+ Nxf6 17. Ng5 e5 18. Kh1 Bd5 19. a4 e4 20. Nxe4 Bxe4 21. Bxe4 Qc4 22. Re1 0-0 0-1

[Event "RD-2019-0-00149"]
[Site "LSS email"]
[Date "2019.01.25"]
[Round "?"]
[White "Alonso Higelmo, Maria Isabel"]
[Black "Hurd, David"]
[Result "0-1"]
[WhiteElo "1548"]
[BlackElo "1676"]
[PlyCount "91"]
[EventDate "2018.07.03"]
[EventType "tourn (corr)"]
[EventRounds "6"]
[EventCountry "GER"]
[SourceTitle "Corr 2022"]
[Source "ChessBase"]
[SourceDate "2021.10.24"]
[SourceVersion "1"]
[SourceVersionDate "2021.10.24"]
[SourceQuality "1"]

1. e4 c5 2. Nf3 d6 3. c3 Nf6 4. Be2 Nc6 5. Qc2 e5 6. 0-0 Bg4 7. h3 Bd7 8. Na3 Be7 9. Nc4 0-0 10. Ne3 Be6 11. d3 h6 12. Rd1 d5 13. exd5 Nxd5 14. Nc4 Qc7 15. Ne3 f5 16. Nxd5 Bxd5 17. b3 Rad8 18. Bb2 b5 19. d4 e4 20. Ne5 Nxe5 21. dxe5 c4 22. bxc4 bxc4 23. Qa4 Bf7 24. Ba3 Bxa3 25. Qxa3 Qxe5 26. Rxd8 Rxd8 27. Rd1 Rxd1+ 28. Bxd1 e3 29. fxe3 Qxe3+ 30. Kh2 Bd5 31. Qd6 Be4 32. Qe6+ Kh7 33. Qxc4 Qf4+ 34. Kg1 Qg3 35. Qe2 Qxc3 36. Bb3 a5 37. Qc4 Qxc4 38. Bxc4 g5 39. g3 Kg7 40. Kf2 Bb7 41. Ke3 Kf6 42. Kd4 f4 43. gxf4 gxf4 44. Bf1 Kg5 45. a3 Kh4 46. Kd3 0-1

[Event "OP-2018-0-04689"]
[Site "LSS email"]
[Date "2018.12.15"]
[Round "?"]
[White "Shim Ng Min, Francis"]
[Black "Hurd, David"]
[Result "0-1"]
[WhiteElo "1212"]
[BlackElo "1648"]
[PlyCount "58"]
[EventDate "2018.12.05"]
[EventType "tourn (corr)"]
[EventRounds "4"]
[EventCountry "GER"]
[SourceTitle "Corr 2022"]
[Source "ChessBase"]
[SourceDate "2021.10.24"]
[SourceVersion "1"]
[SourceVersionDate "2021.10.24"]
[SourceQuality "1"]

1. e4 c5 2. Nf3 d6 3. d4 cxd4 4. Nxd4 Nf6 5. Nc3 g6 6. f4 Nc6 7. Be2 Bg7 8. Nxc6 bxc6 9. Be3 0-0 10. 0-0 Qa5 11. Bf3 Rb8 12. Rb1 Be6 13. a3 Bc4 14. Re1 Ne8 15. Bd4 e5 16. fxe5 Bxe5 17. Bxe5 dxe5 18. Be2 Rd8 19. Qc1 Qc5+ 20. Kh1 Bxe2 21. Nxe2 Nf6 22. Ng1 Rd4 23. c3 Rxe4 24. Qg5 Ng4 25. Nh3 Rxe1+ 26. Rxe1 f5 27. Qd2 e4 28. Qd7 Rf7 29. Qe8+ Kg7 0-1

[Event "RD-2018-0-00148"]
[Site "LSS email"]
[Date "2018.10.26"]
[Round "?"]
[White "Hurd, David"]
[Black "Henke, Simon"]
[Result "0-1"]
[WhiteElo "1683"]
[BlackElo "1658"]
[PlyCount "66"]
[EventDate "2018.02.04"]
[EventType "tourn (corr)"]
[EventRounds "6"]
[EventCountry "GER"]
[SourceTitle "Corr 2022"]
[Source "ChessBase"]
[SourceDate "2021.10.24"]
[SourceVersion "1"]
[SourceVersionDate "2021.10.24"]
[SourceQuality "1"]

1. e4 e6 2. d4 d5 3. Nc3 Nf6 4. Bg5 Be7 5. e5 Nfd7 6. Bxe7 Qxe7 7. f4 a6 8. Nf3 c5 9. Qd2 0-0 10. 0-0-0 b5 11. h4 c4 12. h5 h6 13. g4 b4 14. Nb1 Nc6 15. g5 hxg5 16. h6 g6 17. Nxg5 Nb6 18. c3 Rb8 19. Qc2 Bd7 20. Rh3 bxc3 21. Nxc3 Nb4 22. Qb1 Na4 23. Nxa4 Bxa4 24. Rd2 c3 25. Rxc3 Rfc8 26. Qa1 f6 27. h7+ Kh8 28. Nf3 Rxc3+ 29. bxc3 Nc6 30. Rb2 Qa3 31. Kb1 Nb4 32. Rxb4 Rxb4+ 33. cxb4 Qxf3 0-1

[Event "SD-2018-0-00292"]
[Site "LSS email"]
[Date "2018.08.10"]
[Round "?"]
[White "Stasilo, Tymoteusz"]
[Black "Hurd, David"]
[Result "1/2-1/2"]
[WhiteElo "1523"]
[BlackElo "1685"]
[PlyCount "57"]
[EventDate "2018.04.14"]
[EventType "tourn (corr)"]
[EventRounds "6"]
[EventCountry "GER"]
[SourceTitle "Corr 2022"]
[Source "ChessBase"]
[SourceDate "2021.10.24"]
[SourceVersion "1"]
[SourceVersionDate "2021.10.24"]
[SourceQuality "1"]

1. d4 Nf6 2. c4 g6 3. Nc3 Bg7 4. e4 d6 5. f4 0-0 6. Nf3 c5 7. d5 e6 8. Be2 exd5 9. exd5 Re8 10. 0-0 Bd7 11. Bd3 Na6 12. f5 Ng4 13. fxg6 hxg6 14. Ne4 Nb4 15. Bb1 Bf5 16. Neg5 Bxb1 17. Rxb1 Qe7 18. a3 Ne3 19. Bxe3 Qxe3+ 20. Kh1 Nd3 21. Qc2 Bf6 22. Ne6 fxe6 23. Rbe1 Nxe1 24. Qxg6+ Bg7 25. Ng5 Qd3 26. Qf7+ Kh8 27. Qh5+ Kg8 28. Qf7+ Kh8 29. Qh5+ 1/2-1/2

[Event "RD-2018-0-00146"]
[Site "LSS email"]
[Date "2018.07.08"]
[Round "?"]
[White "Hurd, David"]
[Black "Sofia, Gerardo"]
[Result "1-0"]
[WhiteElo "1689"]
[BlackElo "1467"]
[PlyCount "89"]
[EventDate "2017.12.18"]
[EventType "tourn (corr)"]
[EventRounds "6"]
[EventCountry "GER"]
[SourceTitle "Corr 2022"]
[Source "ChessBase"]
[SourceDate "2021.10.24"]
[SourceVersion "1"]
[SourceVersionDate "2021.10.24"]
[SourceQuality "1"]

1. e4 e5 2. Nf3 f5 3. Bc4 Nf6 4. Nxe5 Qe7 5. d4 Nc6 6. 0-0 fxe4 7. Bf7+ Kd8 8. Nxc6+ bxc6 9. Bb3 d5 10. c4 Qe6 11. Qe2 Ba6 12. Re1 Kc8 13. Nc3 Kb7 14. f4 Qf5 15. Be3 Bd6 16. h3 Raf8 17. Qd2 dxc4 18. Bc2 h5 19. b3 cxb3 20. Rab1 Ka8 21. Bxb3 Rb8 22. Ba4 Bb7 23. Rb3 Qa5 24. Reb1 Qa6 25. Qb2 Nd5 26. Nxd5 cxd5 27. Bb5 Qb6 28. Bf1 Qc6 29. a4 a6 30. Bb5 Qb6 31. Bd7 Qa7 32. Qc3 a5 33. Rb5 Bb4 34. Qxc7 Rhc8 35. Bxc8 Rxc8 36. Qe5 Qa6 37. Bd2 Bc6 38. Bxb4 Bxb5 39. axb5 Qxb5 40. Ra1 Qxb4 41. Qxd5+ Ka7 42. Rxa5+ Kb6 43. Ra1 h4 44. Qd7 Rc7 45. Qd8 1-0

[Event "OP-2018-0-04599"]
[Site "LSS email"]
[Date "2018.06.11"]
[Round "?"]
[White "Hurd, David"]
[Black "Tyutyunnik, Roman"]
[Result "1/2-1/2"]
[WhiteElo "1669"]
[BlackElo "2073"]
[PlyCount "54"]
[EventDate "2018.06.03"]
[EventType "tourn (corr)"]
[EventRounds "4"]
[EventCountry "GER"]
[SourceTitle "Corr 2022"]
[Source "ChessBase"]
[SourceDate "2021.10.24"]
[SourceVersion "1"]
[SourceVersionDate "2021.10.24"]
[SourceQuality "1"]

1. e4 c5 2. Nf3 d6 3. d4 cxd4 4. Nxd4 Nf6 5. Nc3 a6 6. Bg5 e6 7. f4 Qb6 8. Qd2 Nc6 9. 0-0-0 Nxd4 10. Qxd4 Qxd4 11. Rxd4 Be7 12. Be2 Bd7 13. e5 dxe5 14. fxe5 Nd5 15. Ne4 Bxg5+ 16. Nxg5 Bc6 17. Bh5 Ke7 18. Re1 Rhf8 19. Bf3 h6 20. Ne4 b5 21. b3 Rac8 22. Nc5 Nb4 23. Rxb4 Bxf3 24. Ne4 Bxe4 25. Rexe4 Rfd8 26. a4 Rd5 27. axb5 axb5 1/2-1/2

[Event "OP-2018-0-04562"]
[Site "LSS email"]
[Date "2018.04.03"]
[Round "?"]
[White "Correa de Almeida, Claudio"]
[Black "Hurd, David"]
[Result "1/2-1/2"]
[WhiteElo "1450"]
[BlackElo "1683"]
[PlyCount "90"]
[EventDate "2018.03.26"]
[EventType "tourn (corr)"]
[EventRounds "4"]
[EventCountry "GER"]
[SourceTitle "Corr 2022"]
[Source "ChessBase"]
[SourceDate "2021.10.24"]
[SourceVersion "1"]
[SourceVersionDate "2021.10.24"]
[SourceQuality "1"]

1. d4 Nf6 2. c4 g6 3. Nc3 Bg7 4. e4 d6 5. Nf3 0-0 6. Be2 e5 7. Be3 Ng4 8. Bg5 f6 9. Bh4 Nc6 10. d5 Ne7 11. Nd2 h5 12. Qb3 c5 13. h3 Nh6 14. Bg3 f5 15. 0-0 fxe4 16. Ncxe4 Nef5 17. Nf3 Rb8 18. Bh2 b6 19. Rfe1 Nd4 20. Nxd4 cxd4 21. Qa3 Nf7 22. Rad1 Bf5 23. Bd3 Rb7 24. Kh1 Rd7 25. Ng3 Nh6 26. f4 Bxd3 27. Qxd3 exf4 28. Ne2 g5 29. Bg1 Nf5 30. Nxd4 Nxd4 31. Bxd4 Bxd4 32. Qxd4 g4 33. Re6 Qg5 34. Qe4 Rg7 35. Re8 Rxe8 36. Qxe8+ Kh7 37. hxg4 Qxg4 38. Qe4+ Kh6 39. Rf1 Kg5 40. Qe8 Qd7 41. Qf8 Rf7 42. Qh8 Qe7 43. b4 Rh7 44. Qa8 Rg7 45. Qh8 Qf7 1/2-1/2

[Event "RD-2018-0-00144"]
[Site "LSS email"]
[Date "2018.02.05"]
[Round "?"]
[White "Hurd, David"]
[Black "Cole, Steve"]
[Result "1-0"]
[WhiteElo "1671"]
[BlackElo "1469"]
[PlyCount "61"]
[EventDate "2017.06.08"]
[EventType "tourn (corr)"]
[EventRounds "6"]
[EventCountry "GER"]
[SourceTitle "Corr 2022"]
[Source "ChessBase"]
[SourceDate "2021.10.24"]
[SourceVersion "1"]
[SourceVersionDate "2021.10.24"]
[SourceQuality "1"]

1. d4 Nf6 2. c4 e6 3. Nf3 d5 4. Nc3 c6 5. e3 Bd6 6. Bd3 Nbd7 7. 0-0 0-0 8. e4 Nxe4 9. Nxe4 dxe4 10. Bxe4 Nf6 11. Bc2 h6 12. b3 b6 13. Bb2 Bb7 14. Qd3 Re8 15. Rfe1 Qc7 16. c5 Be7 17. Ne5 Rad8 18. Qc4 Nd5 19. b4 Bg5 20. Bc1 Qe7 21. Qd3 f5 22. Bb3 Bf6 23. Bd2 Qc7 24. Qg3 g5 25. a4 Qg7 26. Rac1 bxc5 27. bxc5 Nc7 28. Bc3 Nd5 29. Ba5 Rb8 30. Rb1 Ba6 31. Nxc6 1-0

[Event "OP-2018-0-04509"]
[Site "LSS email"]
[Date "2018.01.09"]
[Round "?"]
[White "Hurd, David"]
[Black "Johanson, Frans"]
[Result "0-1"]
[WhiteElo "1701"]
[BlackElo "1934"]
[PlyCount "120"]
[EventDate "2018.01.05"]
[EventType "tourn (corr)"]
[EventRounds "4"]
[EventCountry "GER"]
[SourceTitle "Corr 2022"]
[Source "ChessBase"]
[SourceDate "2021.10.24"]
[SourceVersion "1"]
[SourceVersionDate "2021.10.24"]
[SourceQuality "1"]

1. e4 e5 2. Nf3 Nf6 3. d4 Nxe4 4. Bd3 d5 5. Nxe5 Nd7 6. Nxd7 Bxd7 7. 0-0 Bd6 8. c4 0-0 9. c5 Be7 10. Nd2 Bf5 11. Qf3 Nxd2 12. Bxd2 Bxd3 13. Qxd3 Qd7 14. Rfe1 Rfe8 15. Re3 Bf6 16. Rae1 Rxe3 17. Qxe3 h6 18. b4 Qa4 19. a3 c6 20. Qd3 a5 21. g3 axb4 22. axb4 Qa2 23. Kg2 Qb2 24. Bc3 Qb3 25. Re3 g6 26. h4 Kg7 27. Rf3 Re8 28. Bd2 Qxd3 29. Rxd3 Ra8 30. Be3 g5 31. h5 b5 32. Kf3 Ra1 33. Kg4 Rb1 34. Bd2 Rd1 35. Kf3 Rh1 36. Kg4 Rb1 37. Kf5 Rd1 38. Kg4 Bd8 39. Kf3 Ra1 40. g4 Bc7 41. Be3 f6 42. Kg2 f5 43. f3 Ra4 44. Bd2 Ra2 45. Kf1 Bg3 46. Ke2 Bf4 47. Kd1 Kf6 48. Ke1 Rb2 49. Bc3 Bg3+ 50. Kf1 Rb1+ 51. Ke2 Rg1 52. Bd2 Rg2+ 53. Kd1 fxg4 54. fxg4 Bf4 55. Bxf4 gxf4 56. Ra3 Kg5 57. Ra6 f3 58. Ke1 Re2+ 59. Kf1 Kf4 60. Rxc6 Kg3 0-1

[Event "OP-2017-0-04461"]
[Site "LSS email"]
[Date "2017.10.27"]
[Round "?"]
[White "Ducharme, Steven"]
[Black "Hurd, David"]
[Result "0-1"]
[WhiteElo "820"]
[BlackElo "1688"]
[PlyCount "60"]
[EventDate "2017.10.23"]
[EventType "tourn (corr)"]
[EventRounds "4"]
[EventCountry "GER"]
[SourceTitle "Corr 2022"]
[Source "ChessBase"]
[SourceDate "2021.10.24"]
[SourceVersion "1"]
[SourceVersionDate "2021.10.24"]
[SourceQuality "1"]

1. b3 e5 2. Bb2 Nc6 3. g3 d5 4. Bg2 Nf6 5. d3 Bc5 6. h3 0-0 7. Nd2 Be6 8. e3 Qd6 9. Ne2 Rfe8 10. 0-0 Rad8 11. Re1 b5 12. a3 a5 13. c4 dxc4 14. bxc4 b4 15. Nc1 bxa3 16. Bc3 h5 17. Bxc6 Qxc6 18. Ncb3 Bxh3 19. Qf3 Qxf3 20. Nxf3 Bb4 21. Bxb4 axb4 22. d4 exd4 23. Nfxd4 Ne4 24. Ra2 c5 25. Nb5 Rd3 26. Nc1 Rd2 27. Rxd2 Nxd2 28. Kh1 Ra8 29. Rd1 a2 30. Nxa2 Rxa2 0-1

[Event "OP-2017-0-04461"]
[Site "LSS email"]
[Date "2017.10.27"]
[Round "?"]
[White "Hurd, David"]
[Black "Dworok, Mecislav"]
[Result "0-1"]
[WhiteElo "1688"]
[BlackElo "800"]
[PlyCount "92"]
[EventDate "2017.10.23"]
[EventType "tourn (corr)"]
[EventRounds "4"]
[EventCountry "GER"]
[SourceTitle "Corr 2022"]
[Source "ChessBase"]
[SourceDate "2021.10.24"]
[SourceVersion "1"]
[SourceVersionDate "2021.10.24"]
[SourceQuality "1"]

1. b4 e6 2. Bb2 Nf6 3. b5 a6 4. e3 axb5 5. Bxb5 Be7 6. Nf3 c6 7. Be2 b5 8. c3 Qb6 9. d4 d5 10. Qc2 0-0 11. Nbd2 c5 12. 0-0 c4 13. Rfb1 Nc6 14. a4 b4 15. cxb4 Nxb4 16. Qd1 Nc6 17. Qc2 Qc7 18. Bc3 Ba6 19. Rb2 Rfb8 20. Rab1 h6 21. g3 Rc8 22. e4 Ba3 23. Ra2 Qe7 24. Raa1 Nb4 25. Qd1 dxe4 26. Rxa3 exf3 27. Bxf3 Rab8 28. Raa1 Nfd5 29. Bxd5 Nxd5 30. Rxb8 Rxb8 31. Qc2 Qa7 32. a5 Rd8 33. Nf3 Nc7 34. Ne5 Qb7 35. Bb2 Rc8 36. Ba3 Qd5 37. Bc5 Bb7 38. f3 Na6 39. Qc3 Nxc5 40. dxc5 Rxc5 41. a6 Bxa6 42. Rxa6 Qxe5 43. Qxe5 Rxe5 44. Kf2 Rb5 45. Rc6 Rb2+ 46. Ke3 Rxh2 0-1

[Event "OP-2017-0-04461"]
[Site "LSS email"]
[Date "2017.10.27"]
[Round "?"]
[White "Molina, Vicente Andres"]
[Black "Hurd, David"]
[Result "0-1"]
[WhiteElo "620"]
[BlackElo "1688"]
[PlyCount "52"]
[EventDate "2017.10.23"]
[EventType "tourn (corr)"]
[EventRounds "4"]
[EventCountry "GER"]
[SourceTitle "Corr 2022"]
[Source "ChessBase"]
[SourceDate "2021.10.24"]
[SourceVersion "1"]
[SourceVersionDate "2021.10.24"]
[SourceQuality "1"]

1. d4 Nf6 2. c4 e6 3. Nc3 d5 4. Nf3 Bb4 5. Bg5 c5 6. cxd5 exd5 7. e3 0-0 8. Bd3 c4 9. Bb1 Bxc3+ 10. bxc3 h6 11. Bh4 Nbd7 12. 0-0 Qa5 13. Qc2 Re8 14. Ne5 Nxe5 15. dxe5 Rxe5 16. Bxf6 gxf6 17. Qh7+ Kf8 18. Qxh6+ Ke7 19. f4 Rxe3 20. Bh7 Qxc3 21. Bg8 Be6 22. f5 Rxg8 23. fxe6 Rg6 24. Qh7 Rxe6 25. Rab1 b6 26. Rf3 Qxf3 0-1